000 00442nam a2200181Ia 4500
001 14557
005 20260306164923.0
008 260306t1989||||xx |||||||||||||| ||spa||
041 _aESP
082 _a515.15
_bS98
100 _aSwokowski, Earl William
_eAUT
245 0 _aCálculo con geometría analítica
260 _c1989
300 _axiii,1096 páginas :
_c24 cm.
650 _aGEN
654 _aCMA
942 _cLIB
_dJUS
_fJUS
_2ddc
_n
999 _c14557
_d14557